header

Leadership resilience (Record no. 149511)

MARC details
000 -LEADER
fixed length control field 01362nam a2200349 a 4500
082 04 - DEWEY DECIMAL CLASSIFICATION NUMBER
Classification number 363.2068/4
245 00 - TITLE STATEMENT
Title Leadership resilience
260 ## - PUBLICATION, DISTRIBUTION, ETC. (IMPRINT)
Place of publication Farnham, Surrey :
Name of publisher Gower Pub. Ltd.,
Year of publication 2013.
300 ## - PHYSICAL DESCRIPTION
Number of Pages xvi, 212 p. :
Other physical details ill.
650 #0 - SUBJECT ADDED ENTRY--TOPICAL TERM
Topical Term Police.
Topical Term Leadership.
Topical Term Police-community relations.
Topical Term Police
700 1# - ADDED ENTRY--PERSONAL NAME
Personal name Smith, Jonathan Ashley.
Personal name Charles, Ginger.
856 40 - ELECTRONIC LOCATION AND ACCESS
Uniform Resource Identifier http://site.ebrary.com/lib/rucke/Doc?id=10740176

No items available.

© 2026 Rongo University
Contact us: librarian | system librarian | Rongo university